| 000 | 00857cam a2200265 i 4500 | ||
|---|---|---|---|
| 001 | 84948 | ||
| 003 | BD-RjUL | ||
| 005 | 20250519114248.0 | ||
| 008 | 250520s1978 ii 000 0burdo | ||
| 020 | _cRs20.00 | ||
| 035 | _a(BD-RjUL)84948 | ||
| 040 |
_aDLC _cDLC _dDLC _beng |
||
| 041 | _aurd | ||
| 082 |
_223 _a891.4391092 _bABN 1978 |
||
| 100 |
_a عبّاسى، نسىم ;; ʻAbbāsī,Nasīm _915519 |
||
| 245 | 0 | 0 |
_aنقد فىض / Naqd-i Faiẓ / _cمرتّبہ، نسىم عبّاسى.,، (Editor) / Nasīm ʻAbbāsī. |
| 250 | _a1st.ed. | ||
| 260 |
_aDihlī : _bBuk Sarvis, _c1978. |
||
| 300 |
_a360 p. ; _c19 cm. |
||
| 600 | 1 | 0 |
_aFaiz̤, Faiz̤ Aḥmad, _d1911-1984. _915215 |
| 650 | 0 |
_aPoets, Urdu _y20th century _vBiography. _915520 |
|
| 700 | 1 |
_aʻAbbāsī, Nasīm. عبّاسى، نسىم _915521 |
|
| 942 |
_2ddc _cBK |
||
| 999 |
_c84948 _d84948 |
||